| 000 | 00391nam a2200157Ia 4500 | ||
|---|---|---|---|
| 008 | 151015s9999 xx 000 0 und d | ||
| 020 | _a9.7800711076e+012 | ||
| 050 | _aQC21.3.T572007 | ||
| 245 | _aTippens paul E | ||
| 250 | _a_Physics | ||
| 260 | _a7th ed. | ||
| 300 | _aUS McGraw Hill 2007 | ||
| 500 | _aincludes index | ||
| 650 | _a_Physics | ||
| 700 | _a^d20110119 08:53:15^okorir | ||
| 999 |
_c342 _d342 |
||